Modelovanie rôznych foriem neurčitosti v geografických informačných systémoch a priestorových databázach

Uložené v:
Podrobná bibliografia
Hlavný autor: Ďuračiová, Renata (Autor)
Ďalší autori: (Vedúci práce)
Médium: Rukopis Kniha
Jazyk:Slovak
Vydavateľské údaje: 2018
Predmet:
On-line prístup:http://is.stuba.sk/zp/portal_zp.pl?podrobnosti_zp=69515
Tagy: Pridať tag
Žiadne tagy, Buďte prvý, kto otaguje tento záznam!

MARC

LEADER 00000ntm a22000003a 4500
001 stuzp69515
003 SK-STU
005 20181020210213.8
007 ta
008 150427s2015----xo-----f-mn---000-0-slo-d
040 |a STU  |b slo 
041 0 |a slo 
100 1 |a Ďuračiová, Renata  |u 010130  |k Z1  |4 aut  |U SvF Stavebná fakulta  |T SvF Katedra geodetických základov  |X 950  |U V130  |Y 13  |7 A000000950 
242 0 1 |a Modelling of various forms of uncertainty in geographic information systems and spatial databases  |y eng 
245 1 0 |a Modelovanie rôznych foriem neurčitosti v geografických informačných systémoch a priestorových databázach 
260 |c 2018 
650 4 |a GIS  |2 slo 
650 4 |a neurčitosť priestorových dát  |2 slo 
650 4 |a priestorová databáza  |2 slo 
650 4 |a fuzzy priestorový dopyt  |2 slo 
650 4 |a multikriteriálne rozhodovanie  |2 slo 
650 4 |a integrácia priestorových dát  |2 slo 
650 4 |a fuzzy množina  |2 slo 
650 4 |a fuzzy spatial query  |2 eng 
650 4 |a fuzzy set  |2 eng 
650 4 |a multi-criteria decision making  |2 eng 
650 4 |a uncertainty of spatial data  |2 eng 
650 4 |a spatial data integration  |2 eng 
650 4 |a spatial database  |2 eng 
650 4 |a GIS  |2 eng 
700 1 |a ,  |4 ths  |X null  |7 null 
856 4 |u http://is.stuba.sk/zp/portal_zp.pl?podrobnosti_zp=69515 
996 |b 284V037611  |c V* 3472/HP-234  |l VVS  |s P  |a 0  |w stuzp69515_0001